Statistics for Milwaukee Bucks NBA Playoffs Leaders Per Year

Click here to take the quiz!

General Stats

  • This quiz has been taken 45 times
  • The average score is 15 of 53

Answer Stats

Player % Correct
Giannis Antetokounmpo
97%
Kareem Abdul-Jabbar
92%
Khris Middleton
82%
Alvin Robertson
79%
Oscar Robertson
79%
Mickey Johnson
59%
Ervin Johnson
59%
Sidney Moncrief
59%
Marques Johnson
59%
Ray Allen
56%
Michael Redd
51%
Brandon Jennings
49%
Michael Carter-Williams
49%
Glenn Robinson
46%
John Henson
44%
Monta Ellis
38%
Bob Dandridge
33%
Elmore Smith
31%
Thon Maker
31%
Brevin Knight
31%
Joe Smith
31%
Damon Jones
28%
Sam Cassell
28%
Terry Cummings
28%
Larry Sanders
28%
Jack Sikma
21%
Ricky Pierce
18%
Gary Payton
18%
Paul Pressey
15%
Tim Thomas
15%
Kurt Thomas
15%
Bob Lanier
15%
John Salmons
13%
T.J. Ford
10%
Dan Gadzuric
10%
Alton Lister
10%
Frank Brickowski
8%
Jay Humphries
8%
Brian Winters
8%
Desmond Mason
8%
Randy Breuer
8%
Harvey Catchings
5%
Quinn Buckner
5%
Toni Kukoc
5%
Brad Lohaus
5%
Craig Hodges
3%
Dell Curry
3%
Richard Washington
3%
Bobby Simmons
3%
Jamaal Magloire
3%
Darvin Ham
3%
Haywoode Workman
0%
Gary Brokaw
0%

Score Distribution

Percentile by Number Answered

Percent of People with Each Score

Your Score History

You have not taken this quiz